Sociálna stratifikácia obyvateľstva v regiónoch Slovenska (na báze príjmovej úrovne domácností)

Teoretické východiská a metódy vymedzenia sociálnej stratifikácie. Súčasný stav výskumu sociálnych nerovností a sociálnej stratifikácie na Slovensku. Analýza rozloženia domácností podľa príjmov v krajoch SR z aspektu vybraných kategórií (znakov). Z aspektu vybraných sociálno-ekonomických štruktúr a...

Celý popis

Uložené v:
Podrobná bibliografia
Hlavný autor: Michálek, Anton
Ďalší autori: Podolák, Peter
Médium: Kapitola
Jazyk:Slovak
Predmet:
Tagy: Pridať tag
Žiadne tagy, Buďte prvý, kto otaguje tento záznam!

MARC

LEADER 00000naa$a2200000$$$4500
001 0054773
005 20231102101011.2
041 0 |a slo 
044 |a SK 
245 1 0 |a Sociálna stratifikácia obyvateľstva v regiónoch Slovenska  |b (na báze príjmovej úrovne domácností)  |c Anton Michálek, Peter Podolák 
520 |a Teoretické východiská a metódy vymedzenia sociálnej stratifikácie. Súčasný stav výskumu sociálnych nerovností a sociálnej stratifikácie na Slovensku. Analýza rozloženia domácností podľa príjmov v krajoch SR z aspektu vybraných kategórií (znakov). Z aspektu vybraných sociálno-ekonomických štruktúr a ich príjmov dosahuje Bratislavský kraj oveľa priaznivejšie hodnoty ako ostatné kraje. 
610 2 0 |a Slovensko 
610 2 0 |a regióny 
610 2 0 |a príjmy obyvateľstva 
610 2 0 |a domácnosti 
610 2 0 |a nerovnosť sociálna 
610 2 0 |a stratifikácia sociálna 
610 2 0 |a diferenciácia sociálna 
100 1 |a Michálek, Anton 
700 1 |a Podolák, Peter